000 00345nam a2200133Ia 4500
008 151001s9999||||xx |||||||||||||| ||und||
100 _aऊ ज शेळके
245 _aउमरखा कुलकर्णी
250 _a1
260 _bसरस प्रकाशन
260 _c1981
300 _a138
365 _b21
999 _c963353
_d963350